01013nas a2200253Ia 4500001001100000003000900011008004100020040001300061040001300074041001300087100003800100210001000138222001000148245006600158250001100224260004100235501008600276300001700362362003200379500026000411650003900671700002000710700002900730R455/G6584IT-RoPAU151124c99999999xx |||||||||||| ||und|| aIT-RoPAU cIT-RoPAU aITALIANO aAA.VV. gCodice Aut. SPICS: 12000 aJESUS aJesus aJESUS, ANNO 23-N.03 (MARZO 2001)bDossier: Misteri Della Fede a1a ed. aALBA (CN)bPERIODICI SAN PAOLOc2001 bPaulus - SPICS - Società San Paolo EM (non-commercial uses only)cCopyright2015 a9 p. [49-57] aANNO 023, N.03 (MARZO 2001) aNote Sul Nuovo Dizionario di Liturgia della San Paolo, con 32 Voci Completamente Nuove. Storia Delle Liturgia Riformata: la Parola al Popolo di Ermanno Genre. Culto nella Chiesa Riformata: una Liturgia Biblica di E. Genre. Riti e Liturgia in Radio: il Van aPASTORALEvPUBBLICAZIONE PERIODICA aMarras Vincenzo gCodice Aut. SPICS: 54336